MDQL
is popping MORE tags! Check the
thread
!
Quizzes
Events
Quiz Creation
Community
Videos
Private Events
Remove Ads
Sign In
Join for FREE
Feedback
Dark Mode
Quiz Categories
Sports
Geography
Music
Movies
Television
Just For Fun
Miscellaneous
History
Literature
Language
Science
Gaming
Entertainment
Religion
Holiday
For Kids
Quiz Lab
Recent
Popular Today
Quiz Kudos Today
Editor Picks
Curator Picks
Quizzes by...
Day
Popularity
Type
Ratings
Length
Year
Community
Subscriptions
Recent Discussions
Orange Saloon
Badges
Playlists
Quests
Create
Leaderboards
Showdown
Live 5
Trivia Bingo
Activity
Puzzle Library
Sporcle Events
Private Events
Virtual Trivia
Globe League
Become a Host
Pub Owners
SporcleCon
Opinionation
Our Games
Videos
Blog
Mobile Apps
Partnerships
Remove Ads and Go Orange
Feedback
Geography
Country
Landmarks
City
State
Population
World
Capital
Continent
Flags
Europe
Africa
Asia
South America
North America
Oceania
Border
Canada
United Kingdom
Topography
United States
Geography
Country
Landmarks
City
State
Population
World
Capital
Continent
Flags
Europe
Africa
Asia
South America
North America
Oceania
Border
Canada
United Kingdom
Topography
United States
Random Quiz
Search Sporcle
×
Quiz Lab
Quiz Lab
Geography
London
Type in answers that appear in a list
Type in answers that appear in a list
Classic
Best Score? Go Orange.
London Tube Stations on more than one line Stats
Can you name the the London Tube stops that are on more than one line?
By
JC3
15m
70 Questions
1,983 Plays
1,983 Plays
1,983 Plays
Comments
Comments
Give Quiz Kudos
Give Quiz Kudos
-
- Ratings
hide this ad
Replay
Link that replays current quiz
Next Quiz
Link to next quiz in quiz playlist
You Got
0%
They Got
Avg Score
69%
Avg Friend Score
Upgrade to see
Score Distribution
Jump to the score distribution portion of the page
Score
0/70
Timer
15:00
0
Plays Today
Zone
Tube Station
% Correct
Zone 1
King's Cross
93.3%
Zone 1
Bank
92.9%
Zone 1
Waterloo
91.3%
Zone 1
Victoria
91.2%
Zone 1
Euston
91.1%
Zone 1
Baker Street
91.1%
Zone 1
Oxford Circus
89.4%
Zone 1
Paddington
88.6%
Zone 1
Liverpool Street
87.7%
Zone 1
Green Park
85.5%
Zone 1
Embankment
84.3%
Zone 2
Hammersmith
83.6%
Zone 1
Aldgate
83.5%
Zone 1
Tottenham Court Road
83.1%
Zone 1
Westminster
83.1%
Zone 1
South Kensington
82.2%
Zone 1
Leicester Square
82.1%
Zone 1
Bond Street
81.8%
Zone 1 and 2
Earl's Court
81.5%
Zone 1
London Bridge
81.5%
Zone 1
Piccadilly Circus
81.2%
Zone 1
Charing Cross
80.7%
Zone 1
Holborn
79.9%
Zone 1
Farringdon
78.2%
Zone 1
Edgware Road
77.8%
Zone 1 and 2
Elephant and Castle
77.6%
Zone 1
Aldgate East
77.2%
Zone 1
Moorgate
77%
Zone 1 and 2
Notting Hill Gate
76.7%
Zone 1
Barbican
76.1%
Zone 1
Monument
76%
Zone 1
Euston Square
74.8%
Zone 3
Stratford
73.8%
Zone 1
Temple
73.7%
Zone 1
Blackfriars
72.1%
Zone
Tube Station
% Correct
Zone 1
Great Portland Street
72.1%
Zone 1
Gloucester Road
71.4%
Zone 1
Tower Hill
71.4%
Zone 1
Warren Street
70.5%
Zone 1
Sloane Square
69.6%
Zone 1
St. James's Park
68.8%
Zone 1
High Street Kensington
68.5%
Zone 1
Mansion House
68.5%
Zone 1
Cannon Street
67.3%
Zone 2
Finsbury Park
65.5%
Zone 3
Ealing Broadway
64.7%
Zone 3
West Ham
64.5%
Zone 2
Stockwell
63.3%
Zone 1
Bayswater
62.4%
Zone 2
Mile End
61.2%
Zone 6
Uxbridge
59%
Zone 2
Baron's Court
58.8%
Zone 4
Barking
56.6%
Zone 3
Acton Town
56.4%
Zone 2
Finchley Road
55.2%
Zone 3 and 4
East Ham
53.4%
Zone 2
Whitechapel
53.1%
Zone 2 and 3
Turnham Green
49.7%
Zone 6
Ruislip
49.2%
Zone 3
Ealing Common
47.1%
Zone 3
Canning Town
45.5%
Zone 2
Bow Road
43.8%
Zone 2
Stepney Green
43.4%
Zone 2 and 3
Bromley-by-Bow
42.6%
Zone 6
Hillingdon
42.6%
Zone 3
Upton Park
41.7%
Zone 6
Ickenham
41.4%
Zone 3
Plaistow
39.4%
Zone 6
Ruislip Manor
38.9%
Zone 5
Eastcote
35.5%
Quiz Playlist
Details
Report
Send in Message
Add To Playlist
Classic:
Type in answers that appear in a list
Quiz Source
Last Updated: Nov 26, 2018
Quiz Scoreboard
CHALLENGE
Sign Up to Join the Scoreboard
Show All
Scores
Hide
Comments
May contain spoilers
Recently Published
5x2 Blitz: Bands
by SL_Kpop136
Music
30s
Colored Red Africa Blitz
by spor1
Geography
30s
Find the 'City' Movie
by crazypaving
Movies
60s
More to Explore
Quiz From the Vault
Featured Blog Post
14 Easter Pick-up Lines to Find Eggs With
hide this ad
You Might Also Like...
Tags
London
London Underground
station
stop
tube
Zone
Today's Top Quizzes in Geography
Browse Geography
hide this ad
Today's Top Quizzes in London
Browse London
Top Contributed Quizzes in Geography
1
Countries of the World - No Outlines Minefield
2
Colored Red Africa Blitz II
3
Colored Red Europe Blitz I
4
Colored Red Europe Blitz II
5
Colored Red Africa Blitz III
6
Colored Red Europe Blitz III
7
Colored Red States Blitz II
8
Country Trivia Logic Puzzle II
9
Colored Red States Blitz I
10
List All 50 US States
Explore More
Trending Topics
Anime
Kpop
Disney
Crossword
Harry Potter
Marvel
NBA
Puzzle
NFL
WWE
Country
Pokémon
Soccer
Song
The Office
hide this ad
More By:
JC3
Quiz
Plays
Rating
Category
Featured
Created
UK Counties Per Letter
62,300
3.72
Geography
Dec 5, 2009
London Tube Stations on 3 or more lines
4,008
4.20
Geography
Nov 15, 2009
London Tube Stations on more than one line
1,983
3.72
Geography
Nov 15, 2009
Countries with the most universities
1,708
3.73
Geography
Nov 14, 2009
'Causes of Cancer'
707
4.30
Science
Apr 6, 2010
Go to Creator's Profile
Score Distribution
Quiz Creator Spotlight
JC3
Follow
Send a Message
Quizzes Created
-
Created Quiz Play Count
-
More By This Creator
Popular Quizzes Today
1
Find the 'City' Movie
2
5x2 Blitz: Bands
3
Colored Red Africa Blitz
4
The Countries of the World
5
Find the US States - No Outlines Minefield
6
Find the US States
7
9x9 Crossword: Cartoon Network
8
US States
More Geography Quizzes
Morocco Physical Geography
Quiz Lab
Trending Quizzes
Colored Red Africa Blitz II
Colored Red Europe Blitz I
Colored Red Africa Blitz III
Colored Red Europe Blitz II
Colored Red Europe Blitz III
Recently Updated
Champions League XIs: Real Madrid
pecheneg
Largest US Cities 1790-2010
pecheneg
Rides in Walt Disney World
pecheneg
Most Oscar Losses (Acting)
pecheneg
Beyoncé Albums
pecheneg
Leaping Animals
pecheneg
Reality TV Shows (A-Z)
bhenderson79
Rickey Henderson's Hall of Fame Teammates
pecheneg
Champions League XIs: Arsenal
pecheneg
Quick Pick: Celebrities in WWE's Hall of Fame
aduchscher
Trending Topics
Crossword
Disney
NBA
Harry Potter
Marvel
Kpop
Anime
The Office
WWE
Soccer
Country
NFL
Puzzle
Pokémon
Song
Your Account Isn't Verified!
In order to create a playlist on Sporcle, you need to verify the email address you used during registration. Go to your
Sporcle Settings
to finish the process.
Report this User
Report this user for behavior that violates our
Community Guidelines
.
Details:
Send Report
Go to the Sporcle.com Mobile Site →
Comments